00815nam a22001937a 4500003000400000005001700004008004100021017004500062020001800107040001400125100003100139245009400170260003400264300007500298500001400373505009700387600005600484700008100540OSt20161205171204.0161122s2015 spca||| |||| 000 0 cat|d aDL B 29144-2015bBiblioteca de Catalunya a9788416605064 bcatcCDMR1 aGuillamon, Julià,d1962-12aL'enigma Arquimbau b: sexe, feminisme i literatura a l'era del flirt cJulià Guillamon aBarcelona :bComanegra,c2015 a325 p. :bil. (algunes col.), fot. ;c19 cm +e1 vol. (102 p. ; 19 cm) aEn estoig8 aAmb un facísmil de: Història d'una noia i vint braçalets / Rosa Maria Arquimbau (1934)17aArquimbau, Rosa Maria,d1910-1992xBiografia2lemac12aArquimbau, Rosa Maria,d1910-1992.tHistòria d'una noia i vint braçalets